00610 2200217 4500001002100000005001500021035002000036007000300056008004100059020001800100082001200118084001800130100001900148245004400167260004500211300001200256500008400268650001400352856001700366990000900383INLIS00000000000009720220127092442 a0010-0122000097ta220127 g 0 ind  a9786020273556 a006.686 a006.686 BER h0 aBeranda Agency1 aHow To Make Flat Design With Corel Draw aJakarta :bGramedia Pustaka Utama,c2015 a166 hlm aMateri yang dibahas dalam buku : sosial media, aplikasi gadget, tombol web, dll 4aCorelDraw aKoleksi Umum a4766